000 01181nam a22003377a 4500
003 CHAP
005 20220817041153.0
008 971013s1992 r 00010 d
010 _a7890
011 _a8862
035 _a8094
040 _cCHAP
090 _aFolleto 14076
100 0 0 _aScott Morales, Laura.
_9103365
245 _aAspectos ecológicos de una población de guajolote silvestre (Meleagris gallopavo) al sureste de Nuevo León, México
260 _aLinares, N. L. :
_bUANL. Facultad de Ciencias Forestales,
_c1992
300 _a37 p.
_b: ilus
490 _aReporte científico
_v; 30
590 _aBATCH-UPD
_b10
_c20130110
_lUCH01
_h0029
590 _aBATCH-UPD
_b10
_c20130110
_lUCH01
_h1123
590 _aBATCH-UPD
_b10
_c20130410
_lUCH01
_h0712
590 _aBATCH-UPD
_b10
_c20130914
_lUCH01
_h1247
590 _aCONVERSION
_b10
_c20130109
_lUCH01
_h1305
650 1 4 _aEcología animal.
_935170
650 1 4 _aPavos.
_986300
710 0 _aUniversidad Autónoma de Nuevo León. Facultad de Ciencias Forestales.
830 0 _aReporte científico
_v; 30
_995998
901 _aBK
942 _cFOLL
949 _aFolleto 14076
_bBC
_cFOLL
_d-18224
_eTS1
_gI. c/e
_i8094
_si
999 _c7890
_d7890